La representacin̤ parlamentaria Un recorrido histr̤ico por la teora̕ polt̕ica /

Bibliographic Details
Main Author: Valencia Escamilla, Laura
Format: eBook
Language:Spanish
Published: Ciudad de Mx̌ico: Cm̀ara de Diputados, 2007
Subjects:
Online Access:Acceso restringido

MARC

LEADER 00000nam a22000007a 4500
005 20180104150328.0
007 cr|||| ||||
008 180104s2007 mx |||||s|||| 00||0 spa d
020 |a 978-970-701-901-0 
035 |a 20934 
040 |a vLex 
090 |c 7349  |d 7349 
100 1 |a Valencia Escamilla, Laura 
245 1 3 |a La representacin̤ parlamentaria  |h [Recurso electrn̤ico]:  |b Un recorrido histr̤ico por la teora̕ polt̕ica /  |c Laura Valencia Escamilla  
256 |a Servicio en ln̕ea 
260 |a Ciudad de Mx̌ico:  |b Cm̀ara de Diputados,  |c 2007 
300 |a 1 recurso electrn̤ico 
500 |a El descrďito y la polm̌ica en torno a los poderes legislativos y su funcin̤ representativa han dado lugar a una serie de discusiones que llevan a considerar a las legislaturas o parlamentos como instituciones “obsoletas” frente a los cambios producidos en los l︢timos tiempos. Sin embargo, hoy no podemos negar que, despuš de los diversos colapsos autoritarios que han llevado a un nm︢ero creciente de pas̕es a transitar a la democracia, las instituciones legislativas, en la actualidad, se presentan como uno de los caminos para llegar a la meta de la consolidacin̤ democrt̀ica a travš del fortalecimiento y autonoma̕ de las mismas. Las propuestas vara̕n de pas̕ a pas̕ pero el balance se da en cuatro sentidos principalmente: el problema de la representatividad, su funcionamiento interno, su relacin̤ con el Ejecutivo y la soberana̕ detentada por el parlamento en cuestin̤. Desde esta p̤tica, la obra que el lector tiene en sus manos recopila un conjunto de ideas con las que se hace un recorrido histr̤ico desde el siglo xvii hasta nuestros da̕s. En ella se analizan diversas posturas en torno al concepto de representacin̤ parlamentaria como un třmino en constante discusin̤ por autores cuyos puntos de vista se han visto impregnados por el espr̕itu de la p̌oca y por las realidades histr̤icas que enmarcaron su contexto. De igual forma, y sin dejar de discutir la actualidad, en el libro se reflexiona sobre el estado del třmino con relacin̤ a la prc̀tica parlamentaria como una sn̕tesis de aquellos aǫs de polm̌ica conceptual que contina︢, aunque en un m̀bito de practicidad recurrente, con los cambios ofrecidos por la nueva era democrt̀ica en el m̀bito mundial. 
506 1 |a Disponible solo en los productos indicados  |d vLex Global  |d vLex Global (Academic Edition, excluding Law Schools)  |d vLex Global (U.S. Academic Edition, Law Schools)  |d vLex Global (U.S. Academic Edition, excluding Law Schools)  |d vLex Global (Academic Edition, Law Schools) 
650 0 4 |a Derecho Constitucional  |z Mx̌ico 
740 0 |a vLex Libros (Servicio en ln̕ea) 
856 4 0 |u http://vlex.com/source/representacion-parlamentaria-un-recorrido-historico-por-la-teoria-politica-20934  |z Acceso restringido 
942 |c BOOK 
999 0 |a Constitutional law